The Golem of Hollywood #1/ Jonathan Kellerman and ... Read More
Available copies
- 1 of 1 copy available at LARL/NWRL Consortium.
Current holds
0 current holds with 1 total copy.
View other formats and editions
Show Only Available Copies
| Location | Call Number / Copy Notes | Barcode | Shelving Location | Status | Due Date |
|---|---|---|---|---|---|
| Moorhead Public Library | LARGE PRINT KEL (Text) | 33500011921467 | Main | Available | - |
Record details
- ISBN: 9781410473295 (hardcover)
- ISBN: 1410473295 (hardcover)
- Physical Description: 737 pages (large print) ; 23 cm.
- Edition: Large print edition.
- Publisher: Farmington Hills, Mich : Thorndike Press, a part of Gale, Cengage Learning, [2014]
Content descriptions
| General Note: | "Thorndike Press large print basic"--title page verso. |
| Summary, etc.: | The legend of the Golem of Prague has endured ... Read More |
Search for related items by subject
| Genre: | Suspense fiction. Horror fiction. Fiction. |
Search for related items by series
| LDR | 02605cam a22005418i 4500 | ||
|---|---|---|---|
| 001 | 171727 | ||
| 003 | LARL_NWRL_CONSORTIUM | ||
| 005 | 20160125214125.0 | ||
| 008 | 140624s2014 miu d 000 1 eng | ||
| 020 | . | ‡a9781410473295 (hardcover) | |
| 020 | . | ‡a1410473295 (hardcover) | |
| 035 | . | ‡a(OCoLC)881824367 | |
| 042 | . | ‡apcc | |
| 043 | . | ‡an-us-ca | |
| 082 | 0 | 0. | ‡a813/.54 ‡223 |
| 100 | 1 | . | ‡aKellerman, Jonathan, ‡eauthor. ‡0(LARL_NWRL_CONSORTIUM)60403 |
| 245 | 1 | 4. | ‡aThe Golem of Hollywood ‡n#1/ ‡cJonathan Kellerman and Jesse Kellerman. |
| 250 | . | ‡aLarge print edition. | |
| 260 | . | ‡aFarmington Hills, Mich : ‡bThorndike Press, a part of Gale, Cengage Learning, ‡c[2014] | |
| 260 | . | ‡c©2014 | |
| 300 | . | ‡a737 pages (large print) ; ‡c23 cm. | |
| 336 | . | ‡atext ‡btxt ‡2rdacontent | |
| 337 | . | ‡aunmediated ‡bn ‡2rdamedia | |
| 338 | . | ‡avolume ‡bnc ‡2rdacarrier | |
| 340 | . | ‡alarge print ‡2rda | |
| 490 | 0 | . | ‡aJacob Lev ; ‡v1 |
| 500 | . | ‡a"Thorndike Press large print basic"--title page verso. | |
| 520 | . | ‡aThe legend of the Golem of Prague has endured through the ages: a creature fashioned by a sixteenth-century rabbi to protect his congregation, now lying dormant in the garret of a synagogue. But the Golem is dormant no longer.... Detective Jacob Lev has been assigned to a Special Projects squad he didn't even know existed, and sent to a murder scene far up in the hills of Hollywood Division. There is no body, only an unidentified head lying on the floor of a house. Seared into a kitchen counter nearby is a single word: the Hebrew for justice. | |
| 650 | 0. | ‡aPolice ‡zCalifornia ‡zLos Angeles ‡vFiction. ‡0(LARL_NWRL_CONSORTIUM)166690 | |
| 650 | 0. | ‡aGolem ‡vFiction. | |
| 650 | 0. | ‡aMurder ‡xInvestigation ‡vFiction. ‡0(LARL_NWRL_CONSORTIUM)166203 | |
| 650 | 0. | ‡aLarge type books. ‡0(LARL_NWRL_CONSORTIUM)24284 | |
| 651 | 0. | ‡aHollywood (Los Angeles, Calif.) ‡vFiction. ‡0(LARL_NWRL_CONSORTIUM)168501 | |
| 650 | 7. | ‡aGolem. ‡2fast ‡0(LARL_NWRL_CONSORTIUM)21366 | |
| 650 | 7. | ‡aLarge type books. ‡2fast ‡0(LARL_NWRL_CONSORTIUM)24284 | |
| 650 | 7. | ‡aMurder ‡xInvestigation. ‡2fast ‡0(LARL_NWRL_CONSORTIUM)26286 | |
| 655 | 7. | ‡aSuspense fiction. ‡2gsafd | |
| 655 | 7. | ‡aHorror fiction. ‡2gsafd | |
| 655 | 7. | ‡aFiction. ‡2fast | |
| 700 | 1 | . | ‡aKellerman, Jesse, ‡eauthor. ‡0(LARL_NWRL_CONSORTIUM)186493 |
| 901 | . | ‡a171727 ‡bOCLC ‡c171727 ‡tbiblio | |

Add to basket
Permalink
Disable Highlighting